| 000 | 00000nam##2200000za#4500 |
| 001 | 9.578778 |
| 003 | CaOODSP |
| 005 | 20210624190240 |
| 007 | cr ||||||||||| |
| 008 | 150406|1988||||xxc|||||o f|0| 0 eng|d |
| 022 | |a1488-5387 |
| 040 | |aCaOODSP|beng |
| 043 | |an-cn--- |
| 086 | 1 |aFs97-4/1988E-PDF |
| 110 | 1 |aCanada. |bDepartment of Fisheries and Oceans. |
| 245 | 10|aPacific Stock Assessment Review Committee (PSARC) annual report for 1987 / |h[electronic resource]|cby M. Stocker, R. Harbo, B. Riddell, J. Schweigert, and A. Tyler (editors). |
| 260 | |aNanaimo - British Columbia : |bFisheries and Oceans Canada |cJune 1988. |
| 300 | |a138p.|bmap, tables |
| 490 | 1 |aCanadian manuscript report of fisheries and aquatic sciences|x1488-5387|vNo. 1988 |
| 546 | |a(Résumés en français) |
| 590 | |a14-04-Supp|b2014-02-05 |
| 830 | #0|aCanadian manuscript report of fisheries and aquatic sciences,|x1488-5387|vNo. 1988|w(CaOODSP)9.505211 |
| 856 | 40|ahttp://publications.gc.ca|qPDF|s50325 KB|uhttps://publications.gc.ca/collections/collection_2014/mpo-dfo/Fs97-4-1988-eng.pdf|yNo. 1988 |